00373nam a2200145Ia 4500003000400000005001700004008004100021020001800062040000900080082001700089100001600106245004900122260004700171300000900218OSt20201022095849.0190216s9999||||xx |||||||||||||| ||und|| a9780192834461 coclc a822.3bJON/A aJonson, Ben 0aThe Alchemist And Other Plays /cBen Jonson bOxford University Press,c1998.aNew York: a530p